Intermediate algebra / (Record no. 2937)
[ view plain ]
| 000 -LEADER | |
|---|---|
| fixed length control field | 00650cam a2200229 a 4500 |
| 001 - CONTROL NUMBER | |
| control field | 12394045 |
| 005 - DATE AND TIME OF LATEST TRANSACTION | |
| control field | 20241009112524.0 |
| 008 - FIXED-LENGTH DATA ELEMENTS--GENERAL INFORMATION | |
| fixed length control field | 010427s2002 njuab 001 0 eng |
| 010 ## - LIBRARY OF CONGRESS CONTROL NUMBER | |
| LC control number | 2001032744 |
| 020 ## - INTERNATIONAL STANDARD BOOK NUMBER | |
| International Standard Book Number | 0130608440 |
| International Standard Book Number | 0130328375 |
| 050 00 - LIBRARY OF CONGRESS CALL NUMBER | |
| Classification number | QA 154.3 |
| Item number | .T64 2002 |
| 100 1# - MAIN ENTRY--PERSONAL NAME | |
| Personal name | Tobey, John |
| 9 (RLIN) | 3120 |
| 245 10 - TITLE STATEMENT | |
| Title | Intermediate algebra / |
| Statement of responsibility, etc | John Tobey and Jeffrey Slater |
| 250 ## - EDITION STATEMENT | |
| Edition statement | 4th ed. |
| 260 ## - PUBLICATION, DISTRIBUTION, ETC. (IMPRINT) | |
| Place of publication, distribution, etc | Upper Saddle River, N.J. |
| Name of publisher, distributor, etc | Prentice Hall, |
| Date of publication, distribution, etc | 2002 |
| 300 ## - PHYSICAL DESCRIPTION | |
| Extent | xxxiii, (various pages ): |
| Other physical details | ill. ; |
| Dimensions | 29 cm. |
| 500 ## - GENERAL NOTE | |
| General note | Includes indexes. |
| 650 #0 - SUBJECT ADDED ENTRY--TOPICAL TERM | |
| Topical term or geographic name as entry element | Algebra |
| 9 (RLIN) | 40 |
| 700 1# - ADDED ENTRY--PERSONAL NAME | |
| Personal name | Slater, Jeffrey |
| 9 (RLIN) | 3121 |
| 942 ## - ADDED ENTRY ELEMENTS (KOHA) | |
| Source of classification or shelving scheme | Library of Congress Classification |
| Item type | Books |
| Withdrawn status | Lost status | Source of classification or shelving scheme | Damaged status | Not for loan | Collection code | Home library | Current library | Shelving location | Date acquired | Source of acquisition | Total Checkouts | Full call number | Barcode | Date last seen | Copy number | Koha item type | Price effective from | Cost, normal purchase price |
|---|---|---|---|---|---|---|---|---|---|---|---|---|---|---|---|---|---|---|
| Library of Congress Classification | Non-fiction | Education Library Collection | Education Library Collection | General Collection | 09/07/2015 | QA 154.3.T64 2002 | 10093 | 09/07/2015 | C.1 | Books | 09/07/2015 | |||||||
| Library of Congress Classification | Non-fiction | Humanities and Socal Sciences Library Collection | Humanities and Socal Sciences Library Collection | General Collection | 02/11/2015 | QA154.3 .T64 2002 | 175888 | 02/11/2015 | C.4 | Books | 02/11/2015 | 455886.21 | ||||||
| Library of Congress Classification | Damaged | Humanities and Socal Sciences Library Collection | Humanities and Socal Sciences Library Collection | 13/11/2015 | QA154.3 .T64 2002 | 177612 | 13/11/2015 | C.5 | Books | 13/11/2015 | 455886.21 | |||||||
| Library of Congress Classification | Humanities and Socal Sciences Library Collection | Humanities and Socal Sciences Library Collection | 13/11/2015 | QA154.3 .T64 2002 | 177614 | 13/11/2015 | C.6 | Books | 13/11/2015 | 455886.21 | ||||||||
| Library of Congress Classification | Non-fiction | Informatics and Virtual Education Library Collection | Informatics and Virtual Education Library Collection | General Collection | 08/05/2015 | Donation | QA154.3.T64 2002 | 1115 | 08/05/2015 | C.2 | Books | |||||||
| Library of Congress Classification | Non-fiction | Informatics and Virtual Education Library Collection | Informatics and Virtual Education Library Collection | General Collection | 04/08/2015 | Donation | QA154.3.T64 2002 | 15301 | 04/08/2015 | C.3 | Books | 04/08/2015 |